Hans Pfitzner zum 75. Geburtstag am 5. Mai 1944. (Record no. 5629)
[ view plain ]
| 000 -LEADER | |
|---|---|
| fixed length control field | 00978cam a22002411 4500 |
| 001 - CONTROL NUMBER | |
| control field | af 48003512 |
| 003 - CONTROL NUMBER IDENTIFIER | |
| control field | DLC |
| 005 - DATE AND TIME OF LATEST TRANSACTION | |
| control field | 20260227110902.0 |
| 008 - FIXED-LENGTH DATA ELEMENTS--GENERAL INFORMATION | |
| fixed length control field | 850619s1944 gw c 000 0bger c |
| 010 ## - LIBRARY OF CONGRESS CONTROL NUMBER | |
| LC control number | af 48003512 |
| 035 ## - SYSTEM CONTROL NUMBER | |
| System control number | (OCoLC)12174434 |
| 040 ## - CATALOGING SOURCE | |
| Original cataloging agency | Sibley Musical Library |
| Transcribing agency | NRU-Mus |
| Modifying agency | DLC |
| 042 ## - AUTHENTICATION CODE | |
| Authentication code | premarc |
| 050 00 - LIBRARY OF CONGRESS CALL NUMBER | |
| Classification number | ML410.P32 |
| Item number | H29 |
| 245 00 - TITLE STATEMENT | |
| Title | Hans Pfitzner zum 75. Geburtstag am 5. Mai 1944. |
| 260 ## - PUBLICATION, DISTRIBUTION, ETC. | |
| Place of publication, distribution, etc. | Köln, |
| Name of publisher, distributor, etc. | P.J. Tonger, |
| Date of publication, distribution, etc. | [1944] |
| 300 ## - PHYSICAL DESCRIPTION | |
| Extent | 15 p. |
| Other physical details | port. |
| Dimensions | 21 cm. |
| 500 ## - GENERAL NOTE | |
| General note | Special number of the Marburger studentische Kulturblätter. |
| 505 0# - FORMATTED CONTENTS NOTE | |
| Formatted contents note | Zum 75. Geburtstag Hans Pfitzners, von Ludwig Schrott.--Hans Pfitzners Vermächtnis an die Jugend, von Richard Schaal.--Studentische Musikwoche in Marburg-Lahn, von F. Freund.--Verzeichnis der Werke Hans Pfitzners (p. 12-14)--Buchbesprechungen, von Richard Schaal. |
| 600 10 - SUBJECT ADDED ENTRY--PERSONAL NAME | |
| Personal name | Pfitzner, Hans Erich, |
| Dates associated with a name | 1869-1949. |
| 650 #0 - SUBJECT ADDED ENTRY--TOPICAL TERM | |
| Topical term or geographic name entry element | Music. |
| 730 0# - ADDED ENTRY--UNIFORM TITLE | |
| Uniform title | Marburger studentische Kulturblätter. |
No items available.